[Event "12 Indiv. Champ. Greece - Wome"]
[Site "?"]
[Date "2009.??.??"]
[Round "1.1"]
[White "Tsarouha, Marianthi"]
[Black "Iordanidou, Zoi"]
[Result "0-1"]
[WhiteElo "1741"]
[BlackElo "2108"]
[PlyCount "120"]
[EventDate "2009.01.02"]

1. d4 Nf6 2. c4 c5 3. Nf3 cxd4 4. Nxd4 d6 5. Nc3 g6 6. g3 Bg7 7. Bg2 O-O 8. O-O
a6 9. h3 Nc6 10. Be3 Bd7 11. a3 Rc8 12. Rc1 Na5 13. b4 Nxc4 14. Bxb7 Nxe3 15.
fxe3 Rc7 16. Bg2 Qc8 17. Qd3 Bxh3 18. b5 Bxg2 19. Kxg2 axb5 20. Ndxb5 Rc5 21.
a4 Qa8+ 22. e4 Rfc8 23. Rb1 Rc4 24. Qf3 Kh8 25. e5 dxe5 26. Qxa8 Rxa8 27. Ra1
e4 28. Ra3 Kg8 29. a5 Ng4 30. Rb1 Ne3+ 31. Kf2 Nc2 32. Ra2 Nd4 33. a6 Nxb5 34.
Nxb5 Bd4+ 35. Nxd4 Rxd4 36. a7 Rdd8 37. Rb7 Kf8 38. Rc2 Re8 39. Rcc7 f5 40. Ke3
Kf7 41. Kf4 Kf6 42. Rc6+ e6 43. Rxh7 Re7 44. Rxe7 Kxe7 45. Ke5 Rxa7 46. Rxe6+
Kf7 47. Rf6+ Kg7 48. Re6 Kh6 49. Kf4 Ra1 50. Re8 Rf1+ 51. Ke3 Kh5 52. Rh8+ Kg4
53. Rg8 g5 54. Rg7 Rg1 55. Kf2 Rxg3 56. Rxg5+ Kxg5 57. Kxg3 f4+ 58. Kf2 Kg4 59.
Kg2 e3 60. Kg1 Kg3 0-1

[Event "12 Indiv. Champ. Greece - Wome"]
[Site "?"]
[Date "2009.01.02"]
[Round "1.2"]
[White "Fragaki, Maria"]
[Black "Papadea, Konstantina"]
[Result "1-0"]
[WhiteElo "1903"]
[BlackElo "1697"]
[PlyCount "67"]
[EventDate "2009.01.02"]

1. e4 d6 2. d4 Nf6 3. Nc3 g6 4. Nge2 Bg7 5. g3 c6 6. Bg2 Nbd7 7. O-O O-O 8. f4
Qc7 9. e5 Ne8 10. Ne4 d5 11. Nf2 Nb6 12. Nd3 h5 13. b3 Kh7 14. a4 a5 15. Ba3
Rh8 16. Rc1 Bf5 17. Nc5 Kg8 18. c4 Rd8 19. Qd2 Ra8 20. cxd5 Nxd5 21. Bxd5 cxd5
22. Nc3 b6 23. Nb5 Qb8 24. Nd3 h4 25. Bxe7 hxg3 26. hxg3 Rh3 27. Bh4 Rxh4 28.
gxh4 Qd8 29. Ne1 Qxh4 30. Ng2 Qg4 31. Qd1 Qh3 32. Qf3 Qxf3 33. Rxf3 Be4 34.
Rfc3 1-0

[Event "12 Indiv. Champ. Greece - Wome"]
[Site "?"]
[Date "2009.??.??"]
[Round "1.3"]
[White "Pierrakou, Ekaterini"]
[Black "Koutsogiannopoulou, Theodora"]
[Result "0-1"]
[WhiteElo "1693"]
[BlackElo "1834"]
[PlyCount "76"]
[EventDate "2009.01.02"]

1. e4 c5 2. Nf3 a6 3. d4 cxd4 4. Nxd4 e6 5. Bd3 b5 6. O-O Bb7 7. Kh1 Nf6 8. f3
Bc5 9. Ne2 Nc6 10. Ng3 Ne5 11. Nc3 h5 12. h4 Nh7 13. Nf5 exf5 14. Qe1 f4 15.
Bxf4 Ng6 16. Bg3 Be7 17. Nd5 Bxd5 18. exd5 O-O 19. Bh2 Bxh4 20. g3 Bf6 21. Kg2
h4 22. Rh1 Bxb2 23. Rd1 Qg5 24. Kf1 h3 25. Bg1 Rae8 26. Qf2 Qxd5 27. Rxh3 Bc3
28. Rxh7 f5 29. Rh1 Ne5 30. Be2 Qc6 31. Qh2 Rf6 32. Qh7+ Kf7 33. Qh5+ Ke7 34.
Qh3 Kd8 35. Qg2 Rfe6 36. Rh2 Nc4 37. Bd3 Re1+ 38. Rxe1 Rxe1+ 0-1

[Event "12 Indiv. Champ. Greece - Wome"]
[Site "?"]
[Date "2009.??.??"]
[Round "1.4"]
[White "Hristodoulaki, Antonia"]
[Black "Kontogianni, Maria-Hristina"]
[Result "1-0"]
[WhiteElo "1828"]
[BlackElo "1651"]
[PlyCount "82"]
[EventDate "2009.01.02"]

1. e4 c5 2. Nf3 Nc6 3. d4 cxd4 4. Nxd4 g6 5. f3 Bg7 6. Be3 Nf6 7. Nxc6 bxc6 8.
Nc3 Qa5 9. Qd2 d5 10. exd5 Nxd5 11. Nxd5 Qxd2+ 12. Bxd2 cxd5 13. O-O-O O-O 14.
Bb4 Bf6 15. Rxd5 Be6 16. Ra5 Rad8 17. Bd3 Rd7 18. b3 Rc8 19. Rd1 Rdc7 20. Bd2
Bd4 21. Bf4 Rc6 22. Be4 Rc5 23. Rxc5 Bxc5 24. Kb2 Bb4 25. Bd2 Rd8 26. c3 Bc5
27. Kc2 f5 28. Bd3 Kg7 29. Re1 Kf7 30. a4 Rc8 31. Be3 Bb4 32. Bd4 a5 33. Kb2
Bd6 34. Bb6 Rb8 35. Bxa5 Rxb3+ 36. Kc1 Ra3 37. Bc2 Bd7 38. Bb4 Bxb4 39. cxb4
Bxa4 40. Kb2 Bxc2 41. Kxa3 Bd3 1-0

[Event "12 Indiv. Champ. Greece - Wome"]
[Site "?"]
[Date "2009.??.??"]
[Round "1.5"]
[White "Serefidou, Despina"]
[Black "Barbageorgopoulou, Fani"]
[Result "0-1"]
[WhiteElo "1609"]
[BlackElo "1818"]
[PlyCount "72"]
[EventDate "2009.01.02"]

1. e4 c6 2. d4 d5 3. Nc3 dxe4 4. Nxe4 Bf5 5. Ng3 Bg6 6. Nh3 Nf6 7. Nf4 Nbd7 8.
h4 Nb6 9. h5 Be4 10. Qe2 Bd5 11. b3 Be6 12. Nxe6 fxe6 13. Bb2 Qd7 14. O-O-O
Nbd5 15. Re1 O-O-O 16. Qf3 Rg8 17. Ne4 Nxe4 18. Qxe4 g6 19. hxg6 hxg6 20. g3
Nc7 21. Bc4 Bg7 22. Bxe6 Nxe6 23. Qxe6 Bf6 24. Qe4 Rg7 25. c3 Rf8 26. f4 g5 27.
Ba3 gxf4 28. gxf4 Rgf7 29. Rh7 Bg7 30. Qg6 Qc7 31. Qg4+ Kb8 32. f5 Rg8 33. Qe4
Qa5 34. Bb2 Qxf5 35. Qxf5 Rxf5 36. Rg1 Bh6+ 0-1

[Event "12 Indiv. Champ. Greece - Wome"]
[Site "?"]
[Date "2009.??.??"]
[Round "1.6"]
[White "Sirnioti, Georgia"]
[Black "Barogianni, Sotiria"]
[Result "1-0"]
[WhiteElo "1808"]
[BlackElo "1493"]
[PlyCount "65"]
[EventDate "2009.01.02"]

1. e4 c5 2. Nf3 d6 3. Nc3 e6 4. d4 cxd4 5. Qxd4 Nc6 6. Bb5 Bd7 7. Bxc6 Bxc6 8.
Bg5 Nf6 9. O-O-O Be7 10. e5 dxe5 11. Qxe5 Qb6 12. Be3 Qa6 13. Nd4 Bb4 14. Ndb5
Bxb5 15. Qxb5+ Qxb5 16. Nxb5 O-O 17. Bxa7 Nd5 18. a3 Ba5 19. Bd4 Nf4 20. g3
Ne2+ 21. Kb1 Nxd4 22. Rxd4 Bb6 23. Rd7 Bxf2 24. Rf1 Bc5 25. b4 Be3 26. Re1 Bg5
27. Rxb7 Rab8 28. Rxb8 Rxb8 29. c4 Re8 30. c5 e5 31. c6 Bf6 32. Nd6 Re7 33. b5
1-0

[Event "12 Indiv. Ch. Greece-Women U18"]
[Site "?"]
[Date "2009.01.03"]
[Round "2.1"]
[White "Iordanidou, Zoi"]
[Black "Sirnioti, Georgia"]
[Result "1-0"]
[WhiteElo "2108"]
[BlackElo "1808"]
[PlyCount "47"]
[EventDate "2009.01.02"]

1. e4 e5 2. Bc4 Nf6 3. d3 Bc5 4. Nc3 h6 5. f4 d6 6. f5 Nc6 7. Nf3 Na5 8. Qe2
Nxc4 9. dxc4 Bd7 10. a3 a5 11. Be3 Bxe3 12. Qxe3 O-O 13. Rd1 b6 14. O-O Qc8 15.
Nd2 Bc6 16. Rf3 Kh7 17. Rh3 Qd8 18. Rf1 Qe7 19. Rff3 Rh8 20. Rfg3 Ng8 21. Nf3
Nf6 22. Qxh6+ gxh6 23. Ng5+ Kg8 24. Ne6+ 1-0

[Event "12 Indiv. Ch. Greece-Women U18"]
[Site "?"]
[Date "2009.01.03"]
[Round "2.2"]
[White "Barbageorgopoulou, Fani"]
[Black "Fragaki, Maria"]
[Result "1-0"]
[WhiteElo "1818"]
[BlackElo "1903"]
[PlyCount "119"]
[EventDate "2009.01.02"]

1. d4 e6 2. c4 b6 3. Nf3 Bb7 4. g3 f5 5. Bg2 Nf6 6. O-O Qc8 7. Nc3 Be7 8. d5
exd5 9. cxd5 O-O 10. Qb3 Kh8 11. Ng5 h6 12. Nf3 d6 13. Nd4 c6 14. Bf4 Nfd7 15.
dxc6 Nxc6 16. Nxc6 Bxc6 17. Bxc6 Qxc6 18. Qe6 Rae8 19. Rfd1 Rf6 20. Qd5 Qxd5
21. Nxd5 Rf7 22. Nxe7 Rexe7 23. Kf1 Nf6 24. Bxd6 Re8 25. Rac1 Kh7 26. Rc4 Rd7
27. Rcd4 Rc8 28. Be5 Rxd4 29. Bxd4 Rd8 30. Ke1 Ne4 31. Be3 Rc8 32. f3 Nf6 33.
Bd4 Rc2 34. Bc3 Kg6 35. Rd2 Rxd2 36. Kxd2 Nd7 37. Bd4 Kf7 38. Kd3 g6 39. Kc4
Ke6 40. Kb5 Nb8 41. Be3 g5 42. b4 Kd6 43. h4 Nc6 44. hxg5 hxg5 45. Bxg5 Nd4+
46. Kc4 Nxe2 47. Kd3 Ng1 48. Ke3 Kd5 49. Bh6 Nh3 50. f4 Kc4 51. Bf8 Kc3 52. Kf3
Kb2 53. Kg2 Nxf4+ 54. gxf4 Kxa2 55. Kg3 Kb3 56. Kh4 a5 57. bxa5 bxa5 58. Kg5
Kc4 59. Kxf5 Kd5 60. Kg6 1-0

[Event "12 Indiv. Ch. Greece-Women U18"]
[Site "?"]
[Date "2009.01.03"]
[Round "2.4"]
[White "Selianiti, Eleana"]
[Black "Hristodoulaki, Antonia"]
[Result "0-1"]
[WhiteElo "1770"]
[BlackElo "1828"]
[PlyCount "104"]
[EventDate "2009.01.02"]

1. e4 c5 2. Nf3 Nc6 3. d4 cxd4 4. Nxd4 Nf6 5. Nc3 g6 6. Be3 Bg7 7. Be2 O-O 8.
Qd2 d5 9. Nxc6 bxc6 10. exd5 cxd5 11. O-O Bf5 12. Rad1 Qc7 13. h3 h5 14. Bd3
Bxd3 15. Qxd3 Rfd8 16. Bd4 e5 17. Nb5 Qb8 18. Bc3 a6 19. Na3 Qc7 20. Nb1 d4 21.
Bb4 Nd5 22. Bd2 Re8 23. Rfe1 Qb6 24. Qb3 Qxb3 25. axb3 Rac8 26. Na3 Rc6 27. Ba5
e4 28. Nc4 f5 29. g3 Rb8 30. Re2 Ne7 31. f4 Nc8 32. Ne5 Bxe5 33. fxe5 Rc5 34.
Bd8 Rd5 35. Bf6 Nb6 36. Red2 Nd7 37. Rxd4 Rxd4 38. Rxd4 Nxf6 39. exf6 Rb6 40.
g4 hxg4 41. hxg4 Rxf6 42. gxf5 gxf5 43. Kf2 Kf7 44. Rd5 Kg6 45. Ke3 Kg5 46. Rd1
Rc6 47. Rg1+ Kf6 48. Rg2 Ke5 49. Rf2 Rh6 50. Ke2 f4 51. Ke1 f3 52. c4 Kf4 0-1

[Event "12 Indiv. Ch. Greece-Women U18"]
[Site "?"]
[Date "2009.01.03"]
[Round "2.5"]
[White "Papadea, Konstantina"]
[Black "Spirou, Marina"]
[Result "0-1"]
[WhiteElo "1697"]
[BlackElo "1760"]
[PlyCount "74"]
[EventDate "2009.01.02"]

1. e4 c5 2. Nc3 a6 3. f4 b5 4. Nf3 Bb7 5. d3 e6 6. Qe2 Be7 7. b3 Nc6 8. Bb2 Nf6
9. g3 O-O 10. Bg2 d5 11. e5 Nd7 12. O-O Qc7 13. Rae1 Nb6 14. Bh3 d4 15. Nd1
Rfe8 16. Nd2 Nb4 17. Ne4 Nxa2 18. Qg4 Kh8 19. Ng5 Bxg5 20. Qxg5 Qe7 21. Qg4 g6
22. Nf2 Nd5 23. Ne4 Ne3 24. Rxe3 dxe3 25. Nf6 Rg8 26. Nxg8 Rxg8 27. Qe2 Qd7 28.
Qxe3 Qd5 29. Kf2 Nb4 30. Qe2 a5 31. Rd1 Rd8 32. Ra1 Ra8 33. g4 Nxc2 34. Rc1 Nb4
35. d4 cxd4 36. Qd1 Qe4 37. Qxd4 Qxd4+ 0-1

[Event "12 Indiv. Ch. Greece-Women U18"]
[Site "?"]
[Date "2009.01.03"]
[Round "2.6"]
[White "Barogianni, Sotiria"]
[Black "Tsarouha, Marianthi"]
[Result "0-1"]
[WhiteElo "1493"]
[BlackElo "1741"]
[PlyCount "52"]
[EventDate "2009.01.02"]

1. e4 c5 2. Nf3 d6 3. d4 cxd4 4. Nxd4 Nf6 5. Nc3 e6 6. Be3 a6 7. f3 b5 8. Qd2
Bb7 9. O-O-O Nbd7 10. g4 Nb6 11. Qf2 Nfd7 12. Bd3 Rc8 13. Nce2 Nc5 14. Kb1 Qc7
15. Ng3 b4 16. h4 Nba4 17. Rc1 d5 18. Nb3 Bd6 19. Nh5 g6 20. Nf6+ Kd8 21. Bg5
Be7 22. exd5 h6 23. Qd4 e5 24. d6 Bxd6 25. Nd5+ hxg5 26. Nxc7 exd4 0-1

[Event "12 Indiv. Ch. Greece-Women U18"]
[Site "?"]
[Date "2009.01.03"]
[Round "2.8"]
[White "Kontogianni, Maria-Hristina"]
[Black "Serefidou, Despina"]
[Result "0-1"]
[WhiteElo "1651"]
[BlackElo "1609"]
[PlyCount "102"]
[EventDate "2009.01.02"]

1. e4 d5 2. exd5 Qxd5 3. Nc3 Qa5 4. Bc4 Nf6 5. d3 c6 6. Bf4 Bf5 7. Nf3 e6 8.
O-O Bc5 9. h3 O-O 10. a3 Qd8 11. b4 Bd6 12. Bg5 h6 13. Bxf6 Qxf6 14. Ne4 Qe7
15. Nxd6 Qxd6 16. Qe2 Nd7 17. Rfe1 Nb6 18. Bb3 a5 19. Qe5 Qxe5 20. Nxe5 axb4
21. axb4 Nd5 22. Bxd5 cxd5 23. Nd7 Rfd8 24. Ne5 f6 25. Nf3 e5 26. d4 e4 27. Nh4
Bh7 28. c3 g5 29. Nf3 exf3 30. gxf3 Kf7 31. Rac1 Rdc8 32. Re3 Rc7 33. Kg2 Bf5
34. Kg3 Ra3 35. h4 Rb3 36. hxg5 hxg5 37. f4 gxf4+ 38. Kxf4 Bg6 39. Rg3 Rb1 40.
Rxb1 Bxb1 41. Rh3 Re7 42. Re3 Rxe3 43. Kxe3 Kg6 44. Kf4 Kh5 45. Kg3 Kg5 46. Kf3
Kf5 47. Ke3 Kg4 48. f3+ Kf5 49. Kf2 Kf4 50. Ke2 Bf5 51. Kf2 Bd3 0-1

[Event "12 Indiv. Ch. Greece-Women U18"]
[Site "?"]
[Date "2009.01.04"]
[Round "3.1"]
[White "Hristodoulaki, Antonia"]
[Black "Iordanidou, Zoi"]
[Result "1/2-1/2"]
[WhiteElo "1828"]
[BlackElo "2108"]
[PlyCount "80"]
[EventDate "2009.01.02"]

1. e4 c5 2. Nf3 Nc6 3. d4 cxd4 4. Nxd4 g6 5. c4 Bg7 6. Be3 Nf6 7. Nc3 d6 8. Be2
O-O 9. O-O Bd7 10. Rb1 Nxd4 11. Bxd4 Bc6 12. f3 a5 13. b3 Nd7 14. Bxg7 Kxg7 15.
Qd4+ Kg8 16. Rfd1 Qb6 17. Qxb6 Nxb6 18. a3 Rfc8 19. Rbc1 Kf8 20. Kf2 Bd7 21.
Nd5 Nxd5 22. cxd5 b5 23. Ke3 Ke8 24. f4 b4 25. a4 Rab8 26. Rc4 Rxc4 27. Bxc4
Rc8 28. Rc1 Kd8 29. Kd2 e6 30. g4 exd5 31. Bxd5 Rxc1 32. Kxc1 Bxg4 33. Bxf7 Kc7
34. Kd2 Kc6 35. h4 Kc5 36. Ke3 Bd1 37. Bd5 h6 38. Bf7 Bc2 39. Bd5 Bd1 40. Bf7
Bc2 1/2-1/2

[Event "12 Indiv. Ch. Greece-Women U18"]
[Site "?"]
[Date "2009.01.04"]
[Round "3.2"]
[White "Spirou, Marina"]
[Black "Koutsogiannopoulou, Theodora"]
[Result "1-0"]
[WhiteElo "1760"]
[BlackElo "1834"]
[PlyCount "77"]
[EventDate "2009.01.02"]

1. e4 c5 2. Nf3 d6 3. d4 cxd4 4. Nxd4 Nf6 5. Nc3 g6 6. Be3 Bg7 7. f3 O-O 8. Qd2
Nc6 9. O-O-O Bd7 10. g4 Rb8 11. h4 b5 12. h5 b4 13. Nd5 Nxd5 14. exd5 Nxd4 15.
Bxd4 Bxd4 16. Qxd4 Qb6 17. hxg6 fxg6 18. Qe4 Rf7 19. Bd3 Qa5 20. Qd4 Rg7 21.
Kb1 Bb5 22. Be4 Rc8 23. Rh6 Be8 24. Rdh1 Qc5 25. Qd2 a5 26. Qh2 Qd4 27. Rxh7
Rxh7 28. Qxh7+ Kf8 29. Bxg6 Bxg6 30. Qxg6 Rc5 31. Qf5+ Ke8 32. g5 Rxd5 33. Qc8+
Kf7 34. Rh7+ Kg6 35. Qg8+ Kf5 36. Rf7+ Ke5 37. Qg7+ Ke6 38. Rxe7+ Kf5 39. Rf7+
1-0

[Event "12 Indiv. Ch. Greece-Women U18"]
[Site "?"]
[Date "2009.01.04"]
[Round "3.3"]
[White "Sirnioti, Georgia"]
[Black "Barbageorgopoulou, Fani"]
[Result "1-0"]
[WhiteElo "1808"]
[BlackElo "1818"]
[PlyCount "103"]
[EventDate "2009.01.02"]

1. e4 c6 2. d4 d5 3. exd5 cxd5 4. Bd3 Nf6 5. Bf4 Nc6 6. c3 Bg4 7. Qb3 Qd7 8.
Nd2 e6 9. Ngf3 a6 10. Ne5 Nxe5 11. dxe5 Ng8 12. O-O Bc5 13. Qc2 Ne7 14. Rae1
Bf5 15. Nf3 Rc8 16. Bxf5 Nxf5 17. g4 Ne7 18. Qd3 Ng6 19. Bg3 Qa4 20. Nd4 Bxd4
21. cxd4 Qxa2 22. f4 Qc4 23. Qe3 O-O 24. f5 Nh8 25. f6 Qc2 26. fxg7 Kxg7 27.
Rf6 Ng6 28. Bf4 Kg8 29. Bh6 Rfe8 30. Qf3 Nh4 31. Qg3 Ng6 32. h4 Qxb2 33. Be3
Qb4 34. h5 Nh8 35. Ref1 Qa3 36. Qf4 Qf8 37. Qf3 Rc3 38. Qf2 Qa3 39. Re1 Rec8
40. Qf4 Qf8 41. Rf1 Rb3 42. Bf2 Rcc3 43. Bh4 Qg7 44. h6 Qf8 45. Qg5+ Ng6 46.
Rxe6 Qc8 47. Qf6 Rg3+ 48. Bxg3 Rxg3+ 49. Kh2 Rg2+ 50. Kh1 Rh2+ 51. Kxh2 Qc2+
52. Rf2 1-0

[Event "12 Indiv. Ch. Greece-Women U18"]
[Site "?"]
[Date "2009.01.04"]
[Round "3.4"]
[White "Fragaki, Maria"]
[Black "Serefidou, Despina"]
[Result "1-0"]
[WhiteElo "1903"]
[BlackElo "1609"]
[PlyCount "71"]
[EventDate "2009.01.02"]

1. e4 d5 2. exd5 Qxd5 3. Nc3 Qa5 4. Bc4 Nf6 5. d3 c6 6. Bd2 Bf5 7. Qe2 e6 8. h3
Qd8 9. g4 Bg6 10. f4 Qe7 11. Nf3 Nbd7 12. O-O-O O-O-O 13. Rhe1 Qd6 14. Ne5 Qc7
15. h4 h5 16. g5 Nxe5 17. fxe5 Nd7 18. Bf4 Nb6 19. Bb3 Bf5 20. Qf2 Bb4 21. Bd2
Bg4 22. Ne4 Bf8 23. Nd6+ Bxd6 24. exd6 Qd7 25. a4 Kb8 26. c4 Bxd1 27. Bxd1 c5
28. Qxc5 Qxd6 29. Qxd6+ Rxd6 30. Bf4 Kc8 31. Bxd6 Rd8 32. c5 Nd5 33. Bf3 Nb4
34. Kd2 b6 35. d4 Na6 36. Kc3 1-0

[Event "12 Indiv. Ch. Greece-Women U18"]
[Site "?"]
[Date "2009.01.04"]
[Round "3.7"]
[White "Pierrakou, Ekaterini"]
[Black "Kontogianni, Maria-Hristina"]
[Result "0-1"]
[WhiteElo "1693"]
[BlackElo "1651"]
[PlyCount "98"]
[EventDate "2009.01.02"]

1. e4 c5 2. Nf3 Nc6 3. d4 cxd4 4. Nxd4 g6 5. Nc3 Bg7 6. Be3 Nf6 7. Bc4 O-O 8.
Bb3 a5 9. f3 d5 10. Bxd5 Nxd5 11. Nxd5 e6 12. Nxc6 bxc6 13. Nc3 Rb8 14. Bc1
Qxd1+ 15. Nxd1 Ba6 16. c3 Rfd8 17. Nf2 f5 18. Bg5 Rd7 19. Rd1 Rxd1+ 20. Nxd1 h6
21. Bc1 Rd8 22. exf5 exf5 23. Kf2 g5 24. g3 Be5 25. Ne3 f4 26. Ng4 fxg3+ 27.
hxg3 Bc7 28. Nxh6+ Kg7 29. Bxg5 Bb6+ 30. Kg2 Re8 31. Ng4 Re2+ 32. Kh3 Rxb2 33.
Rh2 Rb1 34. Ne5 Rb5 35. f4 Rc5 36. Nd7 Bc8 37. Kh4 Bxd7 38. Rb2 Rb5 39. Rxb5
cxb5 40. Be7 Bf2 41. Bd8 a4 42. Be7 Kg6 43. a3 Kf5 44. Kh3 Ke6 45. Bb4 Kf5 46.
Kg2 Be1 47. Kh3 Ke4+ 48. Kg2 Bg4 49. Ba5 Kd3 0-1

[Event "12 Indiv. Ch. Greece-Women U18"]
[Site "?"]
[Date "2009.01.05"]
[Round "4.1"]
[White "Iordanidou, Zoi"]
[Black "Spirou, Marina"]
[Result "1-0"]
[WhiteElo "2108"]
[BlackElo "1760"]
[PlyCount "47"]
[EventDate "2009.01.02"]

1. e4 g6 2. d4 Bg7 3. Nc3 d6 4. Be3 c6 5. Qd2 Nf6 6. f3 b5 7. h4 h5 8. Bd3 Nbd7
9. Nh3 Nb6 10. Ng5 Nc4 11. Bxc4 bxc4 12. Qe2 Ba6 13. O-O Qd7 14. Rae1 e6 15. f4
Ng4 16. f5 O-O 17. f6 Bxf6 18. e5 dxe5 19. Nce4 exd4 20. Qxg4 Qe7 21. Nxf6+
Qxf6 22. Rxf6 hxg4 23. Bxd4 Rfd8 24. Rxf7 1-0

[Event "12 Indiv. Ch. Greece-Women U18"]
[Site "?"]
[Date "2009.01.05"]
[Round "4.2"]
[White "Koutsogiannopoulou, Theodora"]
[Black "Hristodoulaki, Antonia"]
[Result "0-1"]
[WhiteElo "1834"]
[BlackElo "1828"]
[PlyCount "100"]
[EventDate "2009.01.02"]

1. Nf3 d5 2. b3 c5 3. Bb2 Bf5 4. g3 Nf6 5. Bg2 e6 6. O-O Be7 7. Na3 O-O 8. c4
Nc6 9. d3 Bg6 10. Qd2 a6 11. Nc2 Qb6 12. Nh4 dxc4 13. Nxg6 hxg6 14. dxc4 Rad8
15. Qc1 Rd7 16. Rd1 Rfd8 17. Rxd7 Rxd7 18. Ne1 Qc7 19. Bxc6 Qxc6 20. Nf3 Qe4
21. Qe3 Qxe3 22. fxe3 Ng4 23. e4 Bf6 24. e5 Bd8 25. h3 Ne3 26. Bc3 Bc7 27. Be1
Nc2 28. Rc1 Nd4 29. Kf2 Nxf3 30. exf3 Bxe5 31. f4 Bf6 32. Ke2 Kf8 33. Ba5 Bd8
34. Be1 g5 35. Bf2 b6 36. fxg5 Bxg5 37. Rc3 Rd2+ 38. Kf3 Rxa2 39. Rd3 Rd2 40.
Rxd2 Bxd2 41. g4 Ke7 42. h4 f6 43. Bg3 Kd7 44. h5 Kc6 45. Ke2 Bg5 46. Kf3 b5
47. cxb5+ Kxb5 48. Bd6 c4 49. bxc4+ Kxc4 50. Bf8 Bh6 0-1

[Event "12 Indiv. Ch. Greece-Women U18"]
[Site "?"]
[Date "2009.01.05"]
[Round "4.3"]
[White "Selianiti, Eleana"]
[Black "Fragaki, Maria"]
[Result "1-0"]
[WhiteElo "1770"]
[BlackElo "1903"]
[PlyCount "105"]
[EventDate "2009.01.02"]

1. e4 c5 2. g3 e6 3. Bg2 Nc6 4. f4 g6 5. Nf3 Bg7 6. d3 Nge7 7. O-O d5 8. c3 b6
9. Na3 dxe4 10. dxe4 Ba6 11. Qxd8+ Rxd8 12. Re1 e5 13. Bf1 Bxf1 14. Kxf1 O-O
15. Nc4 exf4 16. Bxf4 f6 17. Rad1 Rxd1 18. Rxd1 Ne5 19. Nfd2 N7c6 20. Bxe5 Nxe5
21. Nxe5 fxe5+ 22. Ke2 Rd8 23. Nc4 Rxd1 24. Kxd1 Kf7 25. Nd6+ Ke6 26. Nc8 Kd7
27. Nxa7 Bh6 28. Nb5 Kc6 29. c4 Be3 30. Ke2 Bg1 31. Kf3 Kd7 32. h3 Kc6 33. b3
Kd7 34. Nc3 Kc6 35. Nd5 Bd4 36. Kg4 Bf2 37. Kf3 Bd4 38. g4 b5 39. Kg3 b4 40.
Kh4 Kd6 41. Kg5 Ke6 42. Kh6 Kf7 43. Kxh7 Bb2 44. g5 Bc1 45. Kh6 Bf4 46. h4 Bc1
47. h5 gxh5 48. Kxh5 Kg7 49. Nf6 Be3 50. Nd7 Bd4 51. g6 Kg8 52. Kg5 Kh8 53. Kf6
1-0

[Event "12 Indiv. Ch. Greece-Women U18"]
[Site "?"]
[Date "2009.01.05"]
[Round "4.4"]
[White "Barbageorgopoulou, Fani"]
[Black "Tsarouha, Marianthi"]
[Result "1/2-1/2"]
[WhiteElo "1818"]
[BlackElo "1741"]
[PlyCount "121"]
[EventDate "2009.01.02"]

1. d4 Nf6 2. c4 e6 3. Nf3 b6 4. g3 Ba6 5. b3 Bb4+ 6. Bd2 Be7 7. Bg2 c6 8. Bc3
d5 9. Nbd2 O-O 10. O-O Nbd7 11. Re1 Ne4 12. Nxe4 dxe4 13. Ne5 Nxe5 14. dxe5 f5
15. exf6 Bxf6 16. Qxd8 Rfxd8 17. Bxf6 gxf6 18. Bxe4 Rd6 19. Red1 Rad8 20. Rd3
c5 21. Rad1 Rd4 22. f4 b5 23. e3 bxc4 24. bxc4 Rxd3 25. Rxd3 Rb8 26. Rb3 Rb6
27. Rxb6 axb6 28. Bd3 h6 29. g4 Kf7 30. Kf2 Bb7 31. Kg3 e5 32. fxe5 fxe5 33.
Kh4 Bf3 34. h3 Kf6 35. Kg3 Bc6 36. Be2 Be4 37. Bf3 Bg6 38. Bd5 Be8 39. h4 Kg6
40. Be6 Bc6 41. Bd5 Be8 42. Kf3 Kf6 43. Ke2 Bd7 44. Bf3 e4 45. Bxe4 Bxg4+ 46.
Kd2 Ke5 47. Bd3 Bd7 48. Kc3 Ba4 49. Bg6 Bd7 50. Kd3 Be6 51. Bh7 Bf7 52. Kc3 Be6
53. Bd3 Bf7 54. Kd2 Bh5 55. Ke1 Bg4 56. Kf2 Bd7 57. Kf3 Be6 58. Kf2 Bf7 59. Kg3
Be6 60. Kf3 Bd7 61. Kg3 1/2-1/2

[Event "12 Indiv. Ch. Greece-Women U18"]
[Site "?"]
[Date "2009.01.05"]
[Round "4.5"]
[White "Serefidou, Despina"]
[Black "Sirnioti, Georgia"]
[Result "1/2-1/2"]
[WhiteElo "1609"]
[BlackElo "1808"]
[PlyCount "73"]
[EventDate "2009.01.02"]

1. e4 e5 2. f4 Bc5 3. Nf3 Nc6 4. Bc4 d6 5. Ng5 Nh6 6. h3 exf4 7. Qh5 Ne5 8. Bb3
Qf6 9. Nc3 Qg6 10. Qxg6 hxg6 11. Nd5 Bb6 12. a4 c6 13. Nxb6 axb6 14. d4 Nd7 15.
Bxf4 Ke7 16. O-O Nf6 17. Rae1 Re8 18. e5 dxe5 19. Bxe5 Kf8 20. Bxf6 Rxe1 21.
Bxg7+ Kxg7 22. Rxe1 Ra5 23. Ne4 Nf5 24. c3 b5 25. axb5 Rxb5 26. Nd2 Kf6 27. g4
Nd6 28. c4 Rb4 29. Rf1+ Kg5 30. c5 Nb5 31. Bxf7 Nxd4 32. Rb1 Ne2+ 33. Kf2 Nf4
34. Kg3 Ne2+ 35. Kf2 Nf4 36. Kg3 Ne2+ 37. Kf2 1/2-1/2

[Event "12 Indiv. Ch. Greece-Women U18"]
[Site "?"]
[Date "2009.01.05"]
[Round "4.7"]
[White "Kontogianni, Maria-Hristina"]
[Black "Barogianni, Sotiria"]
[Result "0-1"]
[WhiteElo "1651"]
[BlackElo "1493"]
[PlyCount "74"]
[EventDate "2009.01.02"]

1. e4 c6 2. d4 d5 3. exd5 cxd5 4. Nc3 Nf6 5. Bf4 g6 6. Bb5+ Nc6 7. Nf3 a6 8.
Bxc6+ bxc6 9. Ne5 Bd7 10. O-O Qa5 11. a3 c5 12. Nxd7 Kxd7 13. dxc5 Qxc5 14. Be3
Qc6 15. Qd4 Bg7 16. Qa4 e6 17. Qxc6+ Kxc6 18. Bd4 Kd6 19. Rfe1 Ne8 20. Bxg7
Nxg7 21. Rad1 Kc5 22. Rd3 Nf5 23. Rf3 Rab8 24. g4 Nd6 25. h3 Rhf8 26. b3 Nb5
27. Nxb5 Rxb5 28. Rxe6 fxe6 29. Rxf8 Kd4 30. Rc8 Rc5 31. Rxc5 Kxc5 32. Kf1 Kd4
33. Ke2 Kc3 34. Kd1 a5 35. Ke2 Kxc2 36. b4 axb4 37. axb4 d4 0-1

[Event "12 Indiv. Ch. Greece-Women U18"]
[Site "?"]
[Date "2009.01.06"]
[Round "5.1"]
[White "Selianiti, Eleana"]
[Black "Iordanidou, Zoi"]
[Result "0-1"]
[WhiteElo "1770"]
[BlackElo "2108"]
[PlyCount "100"]
[EventDate "2009.01.02"]

1. e4 c5 2. Nf3 d6 3. d4 cxd4 4. Nxd4 Nf6 5. Nc3 g6 6. Be2 Bg7 7. Be3 O-O 8.
O-O Nc6 9. Nxc6 bxc6 10. f3 Rb8 11. Rb1 Qa5 12. Qd2 Rd8 13. b3 Bd7 14. Na4 Qc7
15. Rbd1 Be8 16. c4 c5 17. Nc3 Bc6 18. Nd5 Bxd5 19. exd5 a5 20. Bg5 Rb7 21. Bd3
Rdb8 22. Rde1 Qd7 23. Bc2 Qd8 24. Re2 a4 25. Rfe1 axb3 26. axb3 Ra8 27. Qc1
Raa7 28. Qd2 Ra2 29. Kf1 Rba7 30. Qe3 Kf8 31. Bb1 R2a3 32. Bc2 Ng8 33. Qf4 Ra1
34. Qh4 Rxe1+ 35. Rxe1 h6 36. Bd2 Ra2 37. Qe4 Nf6 38. Qd3 Nd7 39. f4 Nf6 40.
Bb1 Ra7 41. b4 cxb4 42. Bxb4 Qb6 43. Qe3 Qc7 44. Bd3 Kg8 45. h3 Rb7 46. Bd2 Rb3
47. Qe2 Nh5 48. Qf3 Qa7 49. g4 Qd4 50. Rxe7 Rxd3 0-1

[Event "12 Indiv. Ch. Greece-Women U18"]
[Site "?"]
[Date "2009.01.06"]
[Round "5.2"]
[White "Hristodoulaki, Antonia"]
[Black "Spirou, Marina"]
[Result "1-0"]
[WhiteElo "1828"]
[BlackElo "1760"]
[PlyCount "125"]
[EventDate "2009.01.02"]

1. e4 c5 2. Nf3 e6 3. d4 cxd4 4. Nxd4 a6 5. c4 d6 6. Be3 Nf6 7. Nc3 Nbd7 8. Be2
Qc7 9. O-O Be7 10. f3 b6 11. Rc1 Bb7 12. Qe1 O-O 13. Qg3 Kh8 14. Rfd1 Rac8 15.
Qf2 Rfd8 16. Bf1 Qb8 17. Na4 Bc6 18. Nxc6 Rxc6 19. Nc3 Rdc8 20. Qd2 Qc7 21. b3
Qb7 22. Bf4 Ne5 23. Bg3 Ned7 24. Bf4 Ne5 25. Be3 Ned7 26. Ne2 R6c7 27. Nd4 Ne5
28. Qe2 Nc6 29. Nc2 Rd7 30. Kh1 Ne8 31. Rd2 Nc7 32. Rcd1 Rcd8 33. Bf4 Kg8 34.
Qf2 Ne8 35. Be3 b5 36. Na3 b4 37. Nc2 Nf6 38. Qe2 a5 39. Nd4 Nxd4 40. Bxd4 Qc6
41. e5 dxe5 42. Bxe5 Rxd2 43. Rxd2 Ra8 44. Qd1 h6 45. Bd6 Bxd6 46. Rxd6 Qc7 47.
Kg1 Kf8 48. Qd4 Ke7 49. Rb6 Rd8 50. Qf2 Nd7 51. Rb5 Rc8 52. Be2 Nc5 53. Qg3 Qa7
54. Kf1 g6 55. Qh4+ Ke8 56. Qxh6 Rd8 57. Qe3 Rc8 58. Qe5 Nb7 59. f4 Qb8 60.
Qxb8 Rxb8 61. Bf3 Kd7 62. Rxb7+ Rxb7 63. Bxb7 1-0